Profiles of youth
Saved in:
| Corporate Author: | |
|---|---|
| Other Authors: | |
| Format: | Book |
| Language: | English |
| Published: |
Washington;
For sale by the Supt. of Docs., U.S. Govt. Print. Off.
[1972]
|
| Subjects: | |
| Tags: |
Add Tag
No Tags, Be the first to tag this record!
|
| LEADER | 01124cam a2200301 4500 | ||
|---|---|---|---|
| 001 | 002995286-7 | ||
| 005 | 20020606093309.7 | ||
| 008 | 720810s1972 dcua bs 100 0 eng | ||
| 010 | |a 72601830 //r86 | ||
| 035 | 0 | |a ocm00317136 | |
| 035 | 0 | |a ocm00317136 |z ocm00467009 | |
| 040 | |a DLC |c DLC |d m.c. |d HMG | ||
| 043 | |a n-us--- | ||
| 050 | 0 | |a HQ796 |b .W473 1971a | |
| 082 | |a 301.43/1/0973 | ||
| 086 | 0 | |a Y 3.W58/3-3:2P94 | |
| 111 | 2 | |a White House Conference on Youth |d (1971 : |c Estes Park, Colo.) | |
| 245 | 1 | 0 | |a Profiles of youth |c [by Norman Root] |
| 260 | |a Washington; |b For sale by the Supt. of Docs., U.S. Govt. Print. Off. |c [1972] | ||
| 300 | |a 213 p. |b illus. |c 28 cm. | ||
| 500 | |a Supt. of Docs. no.:Y3.W58/3-3: 2P94. | ||
| 504 | |a Includes bibliographical references. | ||
| 650 | 0 | |a Youth |z United States |v Statistics. | |
| 655 | 7 | |a Statistics. |2 fast | |
| 700 | 1 | |a Root, Norman. | |
| 776 | 0 | 8 | |i Online version: |a White House Conference on Youth (1971 : Estes Park, Colo.). |t Profiles of youth. |d Washington; For sale by the Supt. of Docs., U.S. Govt. Print. Off. [1972] |w (OCoLC)569692702 |
| 988 | |a 20020608 | ||
| 906 | |0 DLC | ||


